Design of equilibrium stage processes (Record no. 13251)

000 -LEADER
fixed length control field 00589nam a22002171 4500
001 - CONTROL NUMBER
control field 13251
003 - CONTROL NUMBER IDENTIFIER
control field BD-DhUET
008 - FIXED-LENGTH DATA ELEMENTS--GENERAL INFORMATION
fixed length control field 740517s1963 nyua b 000 0 eng
020 ## - INTERNATIONAL STANDARD BOOK NUMBER
International Standard Book Number 070586373
040 ## - CATALOGING SOURCE
Original cataloging agency DLC
Transcribing agency OAkU
Modifying agency BD-DhUET
082 ## - DEWEY DECIMAL CLASSIFICATION NUMBER
Classification number 660.28422
Item number SMI/1963
100 1# - MAIN ENTRY--PERSONAL NAME
Personal name Smith, Buford D.
245 10 - TITLE STATEMENT
Title Design of equilibrium stage processes
250 ## - EDITION STATEMENT
Edition statement 1st ed.
260 ## - PUBLICATION, DISTRIBUTION, ETC. (IMPRINT)
Place of publication, distribution, etc. New York
Name of publisher, distributor, etc. McGraw-Hill
Date of publication, distribution, etc. 1963
300 ## - PHYSICAL DESCRIPTION
Extent 647 p.
Other physical details ill.
Dimensions 24 cm.
490 ## - SERIES STATEMENT
Series statement McGraw-Hill chemical engineering series
504 ## - BIBLIOGRAPHY, ETC. NOTE
Bibliography, etc Includes bibliographies
650 #0 - SUBJECT ADDED ENTRY--TOPICAL TERM
Topical term or geographic name as entry element Chemical equilibrium
942 ## - ADDED ENTRY ELEMENTS (KOHA)
Koha item type General Book
Holdings
Koha item type Damaged status Lost status Koha date last seen Not for loan Shelving location Location (home branch) Price effective from Withdrawn status Source of classification or shelving scheme Sublocation or collection (holding branch) Koha full call number Piece designation (barcode) Date acquired Koha normalized classification for sorting Copy number
General Book  2015-03-02 Circulation sectionCentral Library, BUET2015-03-02  Central Library, BUET660.28422/SMI/1963349542015-03-02660_284220000000000_SMI_19631
General Book  2015-03-03 Circulation sectionCentral Library, BUET2015-03-03  Central Library, BUET660.28422/SMI/1963298452015-03-03660_284220000000000_SMI_19632
General Book  2015-03-03 Circulation sectionCentral Library, BUET2015-03-03  Central Library, BUET660.28422/SMI/1963298412015-03-03660_284220000000000_SMI_19633
General Book  2015-03-03 Circulation sectionCentral Library, BUET2015-03-03  Central Library, BUET660.28422/SMI/1963298472015-03-03660_284220000000000_SMI_19634
General Book  2015-03-03 Circulation sectionCentral Library, BUET2015-03-03  Central Library, BUET660.28422/SMI/1963298532015-03-03660_284220000000000_SMI_19635
General Book  2015-03-03 Circulation sectionCentral Library, BUET2015-03-03  Central Library, BUET660.28422/SMI/1963298432015-03-03660_284220000000000_SMI_19636
General Book  2015-03-03 Circulation sectionCentral Library, BUET2015-03-03  Central Library, BUET660.28422/SMI/1963298442015-03-03660_284220000000000_SMI_19637
General Book  2015-03-03 Circulation sectionCentral Library, BUET2015-03-03  Central Library, BUET660.28422/SMI/1963298402015-03-03660_284220000000000_SMI_19638
General Book  2015-03-03 Circulation sectionCentral Library, BUET2015-03-03  Central Library, BUET660.28422/SMI/1963349552015-03-03660_284220000000000_SMI_19639
General Book  2015-05-11 Circulation sectionCentral Library, BUET2015-05-11  Central Library, BUET660.28422/SMI/1963114772015-05-11660_284220000000000_SMI_196310
General Book  2015-05-11 Circulation sectionCentral Library, BUET2015-05-11  Central Library, BUET660.28422/SMI/1963298462015-05-11660_284220000000000_SMI_196311
General Book  2015-05-11 Circulation sectionCentral Library, BUET2015-05-11  Central Library, BUET660.28422/SMI/1963349532015-05-11660_284220000000000_SMI_196312
General Book  2015-05-11 Circulation sectionCentral Library, BUET2015-05-11  Central Library, BUET660.28422/SMI/1963188362015-05-11660_284220000000000_SMI_196313
General Book  2015-05-11 Circulation sectionCentral Library, BUET2015-05-11  Central Library, BUET660.28422/SMI/1963298542015-05-11660_284220000000000_SMI_196314
General Book  2015-05-11 Circulation sectionCentral Library, BUET2015-05-11  Central Library, BUET660.28422/SMI/1963298562015-05-11660_284220000000000_SMI_196315
General Book  2015-05-19 Circulation sectionCentral Library, BUET2015-05-19  Central Library, BUET660.28422/SMI/1963298482015-05-19660_284220000000000_SMI_196316
Reading Item  2015-06-18 Reading sectionCentral Library, BUET2015-06-18  Central Library, BUET660.28422/SMI/196364492015-06-18660_284220000000000_SMI_196317